00481nam a2200205Ia 4500008004100000020001800041050001400059100002100073245002300094245002400117250001800141260001500159260001600174260000900190300001600199300002000215300001000235300002200245500000800267170918s9999 xx 000 0 und d a9780439023481 bC713 2008 aCollins, Suzanne 4aThe hunger games / cby Suzanne Collins. aFirst edition aNew York : bScholastic, c2008 a374 pages : billustrations ; c21cm. eThe hunger games. a810